| 000 | 00710nam a2200241Ia 4500 | ||
|---|---|---|---|
| 003 | OSt | ||
| 005 | 20220925181755.0 | ||
| 006 | a|||||r|||| 00| 0 | ||
| 007 | ta | ||
| 008 | 220923b |||||||| |||| 00| 0 eng d | ||
| 020 | _a841009171 | ||
| 037 | _cGeneral Book | ||
| 040 |
_aRTL _cRTL _beng |
||
| 041 |
_2eng _aeng |
||
| 082 | _aC79C.73.N7, L1 | ||
| 100 |
_aBish Robert L _9254732 |
||
| 245 | 0 | _aPublic economy of metropolitan arcas | |
| 260 |
_aChicago _bMarkham _c1971 |
||
| 300 |
_axii, 176p _ccm. |
||
| 490 | _aMarkham Series in Public Policy Analysis, Ed by J Margolis and A Wildavsky | ||
| 942 |
_hC79C.73.N7, L1 _cGB _2CC |
||
| 999 |
_c500240 _d500240 |
||